O gênero Myrcia (Myrtaceae) nos campos rupestres de Minas Gerais, Brasil (Registro n. 329725)
[ somente texto ]
| 000 -LÍDER | |
|---|---|
| fixed length control field | 02241nab a2200253 i 4500 |
| 003 - CÓDIGO MARC DA AGÊNCIA CATALOGADORA | |
| Campo de controle | BR-BrBNA |
| 005 - DATA E HORA DA ÚLTIMA ATUALIZAÇÃO | |
| Campo de controle | 20250129163927.0 |
| 008 - CAMPO DE TAMANHO FIXO | |
| fixed length control field | 250129b2012 bl.qr|pooa||| 00| 0 por | |
| 040 ## - FONTE DA CATALOGAÇÃO | |
| Agência catalogadora | BR-BrBNA |
| Idioma da catalogação | por |
| 072 ## - CATEGORIA AGRIS | |
| Código AGRIS | F70 |
| 100 ## - ENTRADA PRINCIPAL - NOME PESSOAL | |
| Nome pessoal | Rosa, Priscila Oliveira |
| 100 ## - ENTRADA PRINCIPAL - NOME PESSOAL | |
| Nome pessoal | Romero, Rosana |
| 245 ## - TÍTULO PRINCIPAL | |
| Título principal | O gênero Myrcia (Myrtaceae) nos campos rupestres de Minas Gerais, Brasil |
| 500 ## - NOTA GERAL | |
| Nota geral | Publicação on-line; 47 ref.; 4 illus.; Summaries (En, Pt) |
| 942 ## - ADDED ENTRY ELEMENTS (KOHA) | |
| Koha item type | Analítica |
| 520 ## - NOTA DE RESUMO | |
| Nota de conteúdo | <br/><br/>Resumo<br/><br/>Myrtaceae é reconhecidamente uma família de grande importância no bioma Cerrado. Dentre os gêneros da<br/>família, Myrcia desponta como um dos mais representativos e com centros de distribuição geográfica nos<br/>estados de Minas Gerais e Goiás. O presente estudo revela a ocorrência de 33 espécies de Myrcia nos campos<br/>rupestres e fisionomias florestais associadas de Minas Gerais. O presente tratamento para o gênero no estado<br/>apresenta chave de identificação, descrições, dados de distribuição geográfica e comentários sobre as espécies.<br/><br/>Palavras-chave: Cadeia do Espinhaço, Complexo Serra da Canastra, diversidade de Myrcia, Minas Gerais,<br/>Myrtaceae, tratamento taxonômico. |
| 520 ## - NOTA DE RESUMO | |
| Nota de conteúdo | <br/><br/>Abstract<br/><br/>Myrtaceae is admittedly a family of great importance in the Cerrado biome. Myrcia is one of the most<br/>representative genera of the family, with the main distribution centers in the states of Minas Gerais and Goiás.<br/>The current study reveals the occurrence of 33 Myrcia species in the “campos rupestres” and associated forest<br/>formations of Minas Gerais. Treatment of the genus includes identification keys, descriptions, geographic<br/>distribution data and comments on the species.<br/><br/>Key words: Espinhaço Chain, Serra da Canastra Complex, Myrcia diversity, Minas Gerais, Myrtaceae,<br/>taxonomic treatment. |
| 650 ## - ASSUNTO - THESAGRO | |
| Cabeçalho tópico ou nome geográfico | MYRTACEAE |
| 650 ## - ASSUNTO - THESAGRO | |
| Cabeçalho tópico ou nome geográfico | TAXONOMIA |
| 650 ## - ASSUNTO - THESAGRO | |
| Cabeçalho tópico ou nome geográfico | MINAS GERAIS |
| 773 0# - ENTRADA ANALÍTICA | |
| Host Biblionumber | 709 |
| Registro do item | 347388 |
| Imprenta | Rio de Janeiro-RJ Jardim Botanico do Rio de Janeiro 1935 |
| Outro identificador | 2024-8391 |
| Título | Rodriguésia (Brazil) |
| ISSN | 0370-6583; 2175-7860 on-line |
| Colação | v. 63(3) p. 613-633; (2012) |
| Número de controle de registro | BR2024002963 |
| 856 ## - ACESSO E ENDEREÇO ELETRÔNICO | |
| Identificador uniforme de recurso - URI | https://www.scielo.br/j/rod/a/J4xPydKLGTqgXvt5DXRHdXS/?format=pdf&lang=pt |
Nenhum exemplar disponível.

BINAGRI